| 000 | 00346nam a22001337a 4500 | ||
|---|---|---|---|
| 020 | _a978-93-5027-124-7 | ||
| 082 |
_a510 _bAGG/S |
||
| 100 | _aR.S.AGGARWAL | ||
| 245 |
_aSENIOR SECONDARY SCHOOL MATHEMATICS _bFOR CLASS XII |
||
| 260 |
_aDELHI _bBHARATI BHAWAN PUBLISHERS _c2015 |
||
| 300 | _a1394 | ||
| 650 |
_aMATHS FOR CLASS XII _zINDIA |
||
| 942 | _cBK | ||
| 999 |
_c652 _d652 |
||